| 000 | 01586nam a22003977a 4500 | ||
|---|---|---|---|
| 003 | CHAP | ||
| 005 | 20220329134704.0 | ||
| 008 | 971013s1965 r 00010 d | ||
| 010 | _a24222 | ||
| 011 | _a25194 | ||
| 035 | _a29294 | ||
| 040 | _cCHAP | ||
| 082 |
_a595.122 _bI53 |
||
| 245 |
_aIndex-catalogue of medical and veterinary zoology _b: subjects: Trematoda and trematode diseases |
||
| 260 |
_aWashington : _bUSDA, _c1965- |
||
| 300 | _av | ||
| 500 | _aLa biblioteca tiene: Pte.3, Pte.5, Pte.6, Pte.7, Pte.8 | ||
| 590 |
_aBATCH-UPD _b10 _c20130110 _lUCH01 _h1200 |
||
| 590 |
_aBATCH-UPD _b10 _c20130410 _lUCH01 _h0742 |
||
| 590 |
_aBATCH-UPD _b10 _c20130914 _lUCH01 _h2052 |
||
| 590 |
_aCONVERSION _b10 _c20130109 _lUCH01 _h1314 |
||
| 650 | 1 | 4 |
_aTremátodos _xCatálogos. _9114815 |
| 650 | 1 | 4 |
_aZoología médica. _9124190 |
| 650 | 1 | 4 |
_aZoología veterinaria. _9124192 |
| 901 | _aBK | ||
| 942 | _cLIBRO | ||
| 949 |
_a595.122 I53 _bBC _cBPA _d-100302 _eBPA _fPte.5 c.2 _h12111 _i29294 _si |
||
| 949 |
_a595.122 I53 _bBC _cBPA _d-100303 _eBPA _fPte.6 _h12072 _i29294 _si |
||
| 949 |
_a595.122 I53 _bBC _cBPA _d-100304 _eBPA _fPte.6 c.2 _h12073 _i29294 _si |
||
| 949 |
_a595.122 I53 _bBC _cBPA _d-100305 _eBPA _fPte.7 _h12074 _i29294 _si |
||
| 949 |
_a595.122 I53 _bBC _cBPA _d-100306 _eBPA _fPte.7 c.2 _h12075 _i29294 _si |
||
| 949 |
_a595.122 I53 _bBC _cBPA _d-100307 _eBPA _fPte.8 _h12112 _i29294 _si |
||
| 949 |
_a595.122 I53 _bBC _cBPA _d-151059 _eBPA _fPte.4 _i29294 _si |
||
| 949 |
_a595.122 I53 _bBC _cBPA _d-151060 _eBPA _fPte.4 c.2 _i29294 _si |
||
| 949 |
_a595.122 I53 _bBC _cBPA _d-67702 _eBPA _fPte.3 _h12113 _i29294 _mD _si |
||
| 999 |
_c24222 _d24222 |
||